Statistics for Countries of the World - With a twist!

Click here to take the quiz!

General Stats

  • This quiz has been taken 18 times
  • The average score is 86 of 196

Answers on the Map

Answers color-coded by a green-red scale on the quiz's map according to % correct below.
 

Answer Stats

Country% Correct
Cynydy
83%
Ynytyd Stytys
83%
Chyny
75%
Myxycy
75%
Pyry
67%
Ryssyy
67%
Bryzyl
58%
Cyby
58%
Pyrtygyl
58%
Tygy
58%
Ygypt
58%
Ymyn
58%
Yndyy
58%
Yymyn
58%
Bylgyym
50%
Bylyvyy
50%
Bynyn
50%
Byryndy
50%
Bytswyny
50%
Chyd
50%
Chyly
50%
Cryytyy
50%
Cylymbyy
50%
Cysty Rycy
50%
Dynmyrk
50%
Fryncy
50%
Fyjy
50%
Fynlynd
50%
Gryycy
50%
Gyynyy
50%
Gyytymyly
50%
Gyyyny
50%
Hyndyrys
50%
Hyngyry
50%
Hyyty
50%
Jypyn
50%
Jyrdyn
50%
Lybyy
50%
Lyys
50%
Mydygyscyr
50%
Myly
50%
Myngylyy
50%
Myynmyr
50%
Nygyr
50%
Nymybyy
50%
Nypyl
50%
Nyrwyy
50%
Nyw Zyylynd
50%
Nyyry
50%
Pykystyn
50%
Pylynd
50%
Pynymy
50%
Pyrygyyy
50%
Rwyndy
50%
Rymynyy
50%
Spyyn
50%
Sry Lynky
50%
Swydyn
50%
Sydyn
50%
Symylyy
50%
Syrynymy
50%
Syryy
50%
Syyth Sydyn
50%
Syyth Yfrycy
50%
Thyylynd
50%
Tynysyy
50%
Tyrkyy
50%
Vynyzyyly
50%
Vyytnym
50%
Ycylynd
50%
Ycyydyr
50%
Yfghynystyn
50%
Ylbynyy
50%
Ylgyryy
50%
Yngyly
50%
Ynytyd Kyngdym
50%
Ynytyd Yryb Ymyrytys
50%
Yrgyntyny
50%
Yrygyyy
50%
Yrylynd
50%
Yryn
50%
Yryq
50%
Ytyly
50%
Yystrylyy
50%
Yystryy
50%
Yzbykystyn
50%
Bhytyn
42%
Byhymys
42%
Bylgyryy
42%
Bylyrys
42%
Bynglydysh
42%
Byrkyny Fysy
42%
Bysnyy ynd Hyrzygyvyny
42%
Cymbydyy
42%
Cymyrys
42%
Cymyryyn
42%
Cyntryl Yfrycyn Rypyblyc
42%
Cypy Vyrdy
42%
Czychyy
42%
Dymycrytyc Rypyblyc yf thy Cyngy
42%
Ghyny
42%
Gybyn
42%
Gyrmyny
42%
Gyyrgyy
42%
Kynyy
42%
Kyrybyty
42%
Kysyvy
42%
Kyzykhstyn
42%
Lybynyn
42%
Lybyryy
42%
Lythyynyy
42%
Lytvyy
42%
Lyxymbyyrg
42%
Myldyvy
42%
Mylty
42%
Mylywy
42%
Mylyysyy
42%
Myntynygry
42%
Mynycy
42%
Myryccy
42%
Myyrytynyy
42%
Myzymbyqyy
42%
Nycyrygyy
42%
Nygyryy
42%
Nyrth Kyryy
42%
Nyrth Mycydynyy
42%
Nythyrlynds
42%
Phylyppynys
42%
Rypyblyc yf thy Cyngy
42%
Slyvykyy
42%
Slyvynyy
42%
Swytzyrlynd
42%
Sylymyn Yslynds
42%
Syn Myryny
42%
Synygyl
42%
Syrbyy
42%
Syydy Yrybyy
42%
Syyrry Lyyny
42%
Syyth Kyryy
42%
Tyngy
42%
Tynzynyy
42%
Tyrkmynystyn
42%
Vynyyty
42%
Ygyndy
42%
Ykryyny
42%
Yl Sylvydyr
42%
Yndynysyy
42%
Yrmynyy
42%
Yrytryy
42%
Ysryyl
42%
Ystynyy
42%
Ythyypyy
42%
Yvyry Cyyst
42%
Yzyrbyyjyn
42%
Zymbybwy
42%
Zymbyy
42%
Brynyy
33%
Bylyzy
33%
Cyprys
33%
Djybyyty
33%
Dymynycy
33%
Dymynycyn Rypyblyc
33%
Fydyrytyd Stytys yf Mycrynysyy
33%
Gyynyy-Byssyy
33%
Jymyycy
33%
Kyrgyzstyn
33%
Lysythy
33%
Lyychtynstyyn
33%
Myldyvys
33%
Myrshyll Yslynds
33%
Myyrytyys
33%
Pylyy
33%
Pypyy Nyw Gyynyy
33%
Symyy
33%
Syychyllys
33%
Syy Tymy ynd Pryncypy
33%
Tyjykystyn
33%
Tyvyly
33%
Tyywyn
33%
Yqyytyryyl Gyynyy
33%
Yswytyny
33%
Byhryyn
25%
Byrbydys
25%
Grynydy
25%
Gymbyy
25%
Kywyyt
25%
Qytyr
25%
Syngypyry
25%
Syynt Kytts ynd Nyvys
25%
Syynt Lycyy
25%
Syynt Vyncynt ynd thy Grynydynys
25%
Trynydyd ynd Tybygy
25%
Vytycyn Cyty
25%
Yndyrry
25%
Yntygyy ynd Byrbydy
25%
Yyst Tymyr
25%

Score Distribution

Percentile by Number Answered

Percent of People with Each Score

Your Score History

You have not taken this quiz